00309cam a2200097u 4500082001300000100002100013245006100034260004700095300003200142526003700174 a940bFUL1 aFuller, J. F. C.10aImperial defence, 1588-1914cby Colonel J. F. C. Fuller. aLondon,bSifton, Praed & co., ltd.,c1926. avi p., l ?., 102 p.c17 cm. a0b0c0d940_000000000000000_FUL